| 000 | 003760000a22001570004500 | ||
|---|---|---|---|
| 003 | MACL | ||
| 005 | 20151227154931.0 | ||
| 008 | 151227b xxu||||| |||| 00| 0 eng d | ||
| 040 |
_aMACL _cMACL |
||
| 041 | _aEnglish | ||
| 082 | _a025/RAN | ||
| 100 |
_aRanganathan, S.R. _923479 |
||
| 245 | _aColon Classification | ||
| 650 |
_aLibrary Science _957 |
||
| 942 |
_cBK _k025/RAN _2ddc |
||
| 999 |
_c37970 _d37970 |
||